Karuna: the power of compassion (Record no. 115627)

MARC details
000 -LEADER
fixed length control field 00225 a2200097 4500
020 ## - INTERNATIONAL STANDARD BOOK NUMBER
International Standard Book Number 9789369895649
100 ## - MAIN ENTRY--PERSONAL NAME
Personal name Kailash Satyarthi
245 ## - TITLE STATEMENT
Title Karuna: the power of compassion
260 ## - PUBLICATION, DISTRIBUTION, ETC. (IMPRINT)
Name of publisher, distributor, etc Harper Collins
Date of publication, distribution, etc 2026
942 ## - ADDED ENTRY ELEMENTS (KOHA)
Koha item type On order/under processing
Holdings
Withdrawn status Lost status Damaged status Not for loan Home library Current library Date acquired Source of acquisition Cost, normal purchase price Total Checkouts Barcode Date last seen Cost, replacement price Price effective from Koha item type
        University Library University Library 09/03/2026 269 319.20   00097712 09/03/2026 399.00 09/03/2026 On order/under processing
University Library, CUSAT